000 01116nam a2200229Ia 4500
001 8962
003 GE_BSU
008 181216s||||||||xx |||||||||||||| ||und||
020 _aISBN 978-9941-0-5661-1
040 _cGE_BSU
080 _a341.217(4)+339.923:061(4)
245 _aგზა ევროკავშირისკენ
245 _bადვოკატირების გზამკვლევი სამოქ.საზოგადოებისათვის:ევროკავშირში გადაწყვეტილებების მიღების პროცესი და ადვოკატირება/ფონდი ღია საზოგადოება საქართველო
245 _cრედ:დარეჯან ამირეჯიბი
260 _aთბილისი
260 _b,,ფაუნტეინ ჯორჯია
260 _c2013
300 _a112გვ.22სმ
653 _aგზა ევროკავშირისკენ
653 _aევროკავშირი
942 _cBK
999 _c42267
_d42267